1458 1952 1234 1719 1338 1455 1146 1319 1537 1623 1214 1115 1793 1920 1662 1281 1997 1590 1936 1505 1047 1084 1257 1409 1690 1756 1911 1292 1662 1956 1688 1444 1469 1917 1342 1679 1381 1584 1166 1433 1024 1760 1061 1639 1264 1047 1831 1637 1525 1705 1975 1257 1147 1995 1833 1169 1617 1792 1982 1401 1024 1197 1940 1155 1387 1332 1244 1717 1429 1705 1138 1118 1803 1434 1341 1029 1284 1221 1060 1689 1237 1810 1609 1874 1238 1299 1452 1132 1329 1038 1401 1036 1295 1909 1635 1804 1618 1353 1140 BCNSPRNW ULIB Ver.6.0+V

เปลี่ยนเป็นภาษาไทย

Change to English
 แสดงรายละเอียดบรรณานุกรม
  กลับหน้าหลัก

Brief Record : Get Marc (ISO 2709) : E-mail record : QR code < ปิดหน้าต่าง
LEADER : 00000nam 2200000uu 4500
001    13399112276
003     ULIB
008    110802s2551||||th 000 0 tha d
020    9789744140517
040    cl
050  4 HD58.8^bด123บ 2551
100 0  ดนัย เทียนพุฒ
245 10 บริหารคนในทศวรรษหน้า =^bHR : the next decade /^cโดย ดนัย เทียนพุฒ
246 31 HR : the next decade
250    พิมพ์ครั้งที่ 4
260    กรุงเทพฯ :^bเอ็กซเปอร์เน็ท,^c2551
300    266 หน้า :^bภาพประกอบ ;^c21 ซม.
650  4 การพัฒนากำลังคน
650  4 การพัฒนาทรัพยากรมนุษย์
650  4 การวางแผนกำลังคน
945    ^p200^l0^i026470
995    ทศพร
999 ^a ทศพร
รายการนี้ยังไม่มีแท็ก
คุณยังไม่ได้ล็อกอิน คุณสามารถมีกิจกรรมร่วมกับเว็บไซต์ได้ แต่ต้องล็อกอินก่อน ::
  ล็อกอิน

รายการสื่อสารสนเทศ

ลำดับที่ ประเภท เลขเรียก/บาร์โค้ด สถานที่ สถานะ
1. การศึกษาทั่วไป
การศึกษาทั่วไป
HD58.8 ด123บ 2551 ฉ.1 
  Barcode: 026470
ห้องสมุดวิทยาเขตนครสวรรค์
►หนังสือทั่วไป:l:General Books
บนชั้น

รายการใกล้เคียง
    ผู้แต่ง [ดนัย เทียนพุฒ]

    หัวเรื่อง [การพัฒนากำลังคน]
    หัวเรื่อง [การพัฒนาทรัพยากรมนุษย์]
    หัวเรื่อง [การวางแผนกำลังคน]

BibComment


ยังไม่เคยถูกคอมเมนท์

คอมเมนท์ทรัพยากรรายการนี้
  คอมเมนท์: บริหารคนในทศวรรษห..


 Copyright 2026. Bcnsprnw @Library